LDR 01152nam a2200253 u 4500 001 000000085908 003 CaOOAMICUS 005 20070226124234.0 008 050923s1925 fr u000 u fre u 035 $a11059603 040 $aPUL(R)$bita 245 12$aL'AGEglise de Jésus devant la raison et le coeur de l'homme /$cpar Paul Buysse ; lettre-préface de S. Ém. le Cardinal Mercier. 260 $aParis :$bSociété St-Augustin, Desclée de Brouwer,$c1925. 300 $avii, 474 p. ;$c19 cm 490 1 $aVers la foi catholique ;$v1 500 $aContiene indici. 504 $aBibliografia in nota. 650 4$aChiesa cattolica$xpastorale$xgiovani.$0(OLS)http://pul/subject/2596 830 0$aVers la foi catholique ;$v1.$0(OLS)http://pul/title/111383 850 $aPUL 852 $aPUL$W1$xDP1 Fondo Cecchetti$y53$m286 F 19$j109110$nBK-PRI$b $qFondi$B109110$CPULBib$Z2$F109110 $H $81 941 1 $a1 996 $6245$aL'AGEglise de Jésus devant la raison et le coeur de l'homme$9(OLS)http://pul/title/111382 996 $6260$aParis :$bSociété St-Augustin, Desclée de Brouwer$9(OLS)http://pul/publisher/77315